| 000 -LEADER |
| fixed length control field |
00886cam a2200241Ii 4500 |
| 020 ## - INTERNATIONAL STANDARD BOOK NUMBER |
| ISBN |
1441963359 (ebk.) |
| 020 ## - INTERNATIONAL STANDARD BOOK NUMBER |
| ISBN |
9781441963352 (ebk.) |
| 040 ## - CATALOGING SOURCE |
| Transcribing agency |
GW5XE |
| 082 04 - DEWEY DECIMAL CLASSIFICATION NUMBER |
| Classification number |
631 ALI 2010 A006 Or. |
| 100 1# - MAIN ENTRY--AUTHOR NAME |
| Personal name |
Ali, M. H. |
| 245 10 - TITLE STATEMENT |
| Title |
Fundamentals of irrigation and on-farm water management. |
| 300 ## - PHYSICAL DESCRIPTION |
| Number of Pages |
1 online resource (xxii, 560 pages) : |
| Other physical details |
illustrations (some color) |
| 500 ## - GENERAL NOTE |
| General note |
Title from title page of source document |
| 650 #0 - SUBJECT ADDED ENTRY--TOPICAL TERM |
| Topical Term |
Irrigation engineering. |
| 650 #0 - SUBJECT ADDED ENTRY--TOPICAL TERM |
| Topical Term |
Irrigation farming. |
| 650 #0 - SUBJECT ADDED ENTRY--TOPICAL TERM |
| Topical Term |
Water in agriculture. |
| 650 #0 - SUBJECT ADDED ENTRY--TOPICAL TERM |
| Topical Term |
Water-supply, Agricultural. |
| 710 2# - ADDED ENTRY--CORPORATE NAME |
| Corporate name or jurisdiction name as entry element |
Ohio Library and Information Network. |
| 856 40 - ELECTRONIC LOCATION AND ACCESS |
| Uniform Resource Identifier |
http://rave.ohiolink.edu/ebooks/ebc/9781441963352 |
| 856 40 - ELECTRONIC LOCATION AND ACCESS |
| Uniform Resource Identifier |
http://dx.doi.org/10.1007/978-1-4419-6335-2 |
| 856 40 - ELECTRONIC LOCATION AND ACCESS |
| Uniform Resource Identifier |
http://proxy.ohiolink.edu:9099/login?url=http://dx.doi.org/10.1007/978-1-4419-6335-2 |
| 942 ## - ADDED ENTRY ELEMENTS (KOHA) |
| Koha item type |
ADB |
| 952 ## - LOCATION AND ITEM INFORMATION (KOHA) |
| Withdrawn status [LOCAL, KOHA] |
0 |